Every NBA team's leader in triple doubles - Statistics

General Stats
  • This quiz has been taken 39 times
  • The average score is 22 of 31
Answer Stats
Hint Answer % Correct
Rockets (46) James Harden
97%
Cavs (64) LeBron James
97%
Heat (9) LeBron James
97%
Thunder (138) Russell Westbrook
97%
Wizards (29) Russell Westbrook
97%
Kings (176) Oscar Robertson
95%
Celtics (59) Larry Bird
92%
Lakers (138) Magic Johnson
92%
Bulls (28) Michael Jordan
92%
Pels (11) Chris Paul
89%
Nets (61) Jason Kidd
86%
Suns (25) Jason Kidd
86%
Nuggets (56) Nikola Jokic
86%
Bucks (25) Giannis Antetokounmpo
84%
Mavs (34) Luka Doncic
84%
Clippers (7) Blake Griffin
78%
Warriors (28) Draymond Green
78%
Wolves (16) Kevin Garnett
76%
Grizzlies (5) Marc Gasol
76%
76ers (62) Wilt Chamberlain
76%
Raptors (16) Kyle Lowry
73%
Blazers (18) Clyde Drexler
70%
Spurs (14) David Robinson
65%
Knicks (23) Walt Frazier
54%
Pistons (29) Grant Hill
49%
Pacers (10) Domantas Sabonis
38%
Jazz (7) Pete Maravich
32%
Magic (8) Elfrid Payton
24%
Hornets (7) Anthony Mason
8%
Clippers (7) Bob Kauffman
5%
Clippers (7) Lamar Odom
5%
No matching quizzes found
Score Distribution
Percent of People with Each Score
Percentile by Number Answered
Your Score History
You have not taken this quiz